000
00286nam a22001217a 4500
999
_c
4473
_d
4473
008
250225b ||||| |||| 00| 0 eng d
020
_a
9780723295501
082
_a
423.12 ROO
100
_a
ROONEY,ANNE
_e
AUTHOR
245
_a
THESAURUS
260
_b
LADYBIRD BOOKS LTD
_c
2015
942
_2
ddc